[Event "GER-ch Seniors Gp-B 18th"]
[Site "Dresden"]
[Date "2006.07.29"]
[Round "8"]
[White "Polk, Maria"]
[Black "Szenetra, Irmgard"]
[Result "1-0"]
[WhiteElo "1260"]
[BlackElo "794"]
[PlyCount "43"]
[EventDate "2006.07.22"]
[EventType "swiss"]
[EventRounds "9"]
[EventCountry "GER"]
[SourceTitle "EXT 2022"]
[Source "ChessBase"]
[SourceDate "2021.10.06"]
[SourceVersion "1"]
[SourceVersionDate "2021.10.06"]
[SourceQuality "1"]

1. e4 Nf6 2. Nc3 g6 3. g3 Bg7 4. Bg2 d6 5. h3 Nbd7 6. Nf3 0-0 7. 0-0 e5 8. d4 Qe8 9. Be3 h6 10. Qd2 Kh7 11. Nh2 Nb6 12. b3 Qe7 13. f4 Ng8 14. f5 g5 15. Nd1 f6 16. h4 gxh4 17. gxh4 h5 18. Bf3 Qf7 19. Qe2 Bh6 20. Bxh5 Qg7+ 21. Bg6+ Kh8 22. Qh5 1-0

[Event "GER-ch Seniors Gp-B 18th"]
[Site "Dresden"]
[Date "2006.07.28"]
[Round "7"]
[White "Szenetra, Irmgard"]
[Black "Maczollek, Helmut"]
[Result "1/2-1/2"]
[WhiteElo "794"]
[BlackElo "1380"]
[PlyCount "29"]
[EventDate "2006.07.22"]
[EventType "swiss"]
[EventRounds "9"]
[EventCountry "GER"]
[SourceTitle "EXT 2022"]
[Source "ChessBase"]
[SourceDate "2021.10.06"]
[SourceVersion "1"]
[SourceVersionDate "2021.10.06"]
[SourceQuality "1"]

1. Nf3 d5 2. g3 c6 3. Bg2 e6 4. d3 f5 5. 0-0 Bd6 6. Nbd2 Nf6 7. h3 0-0 8. Qe1 Bd7 9. e4 dxe4 10. dxe4 e5 11. Nc4 Qe7 12. Bg5 h6 13. Nxd6 Qxd6 14. Rd1 Qe6 15. Bxf6 1/2-1/2

[Event "GER-ch Seniors Gp-B 18th"]
[Site "Dresden"]
[Date "2006.07.26"]
[Round "5"]
[White "Wiebke, Elfriede"]
[Black "Szenetra, Irmgard"]
[Result "1-0"]
[WhiteElo "999"]
[BlackElo "794"]
[PlyCount "33"]
[EventDate "2006.07.22"]
[EventType "swiss"]
[EventRounds "9"]
[EventCountry "GER"]
[SourceTitle "EXT 2022"]
[Source "ChessBase"]
[SourceDate "2021.10.06"]
[SourceVersion "1"]
[SourceVersionDate "2021.10.06"]
[SourceQuality "1"]

1. e4 Nf6 2. Nc3 g6 3. d4 d6 4. Nf3 Bg7 5. h3 Nbd7 6. Bc4 e5 7. dxe5 Nxe4 8. Nxe4 Nxe5 9. Bb5+ Bd7 10. Bxd7+ Qxd7 11. Nxe5 dxe5 12. Qxd7+ Kxd7 13. Nc5+ Kc8 14. 0-0 Rd8 15. Bg5 f6 16. Ne6 Rg8 17. Be3 1-0